[Event "Veracruz op 2nd"]
[Site "Xalapa"]
[Date "2024.04.27"]
[Round "4"]
[White "Garcia De Dios, Jose Antonio"]
[Black "Martinez Hernandez, Alin"]
[Result "1-0"]
[WhiteElo "2194"]
[BlackElo "1993"]
[PlyCount "89"]
[EventDate "2024.04.25"]
[EventType "swiss"]
[EventRounds "6"]
[EventCountry "MEX"]
[SourceTitle "CB18_2024"]
[SourceDate "2024.05.01"]
[SourceVersion "1"]
[SourceVersionDate "2024.05.01"]
[SourceQuality "2"]

1. d4 Nf6 2. c4 c5 3. d5 e6 4. Nc3 exd5 5. cxd5 d6 6. g3 g6 7. Bg2 Bg7 8. Nf3 0-0 9. 0-0 Qe7 10. Nd2 Nbd7 11. a4 b6 12. Nc4 Ba6 13. Nb5 Ne8 14. Bf4 Ne5 15. Nxe5 Bxe5 16. Bxe5 Qxe5 17. Nc3 f5 18. Re1 f4 19. e3 fxe3 20. Rxe3 Qd4 21. Qc2 Nf6 22. Rd1 Qb4 23. h3 Rae8 24. Re6 Bc4 25. Rde1 Bb3 26. Qc1 Qd4 27. Nb5 Qxa4 28. Nxd6 Rd8 29. Qg5 Qd4 30. R1e5 Nh5 31. Nf5 Rxf5 32. Rxf5 Rc8 33. Rd6 Qd1+ 34. Kh2 Re8 35. Re5 Rf8 36. Rd8 Qd4 37. Ree8 Rxe8 38. Rxe8+ Kg7 39. Re7+ Kg8 40. Rxa7 Qxf2 41. Qd8+ Qf8 42. Qxb6 Bc2 43. Qe6+ Kh8 44. Qe5+ Nf6 45. d6 1-0

[Event "Titled Tuesday intern op 23rd Jan Late"]
[Site "Chess.com INT"]
[Date "2024.01.23"]
[Round "6"]
[White "Obon Temprano, Sergi"]
[Black "Garcia De Dios, Jose Antonio"]
[Result "0-1"]
[WhiteElo "2194"]
[BlackElo "2194"]
[PlyCount "78"]
[EventDate "2024.01.23"]
[EventType "swiss (blitz)"]
[EventRounds "11"]
[EventCountry "USA"]
[SourceTitle "CB05_2024"]
[SourceDate "2024.01.31"]
[SourceVersion "1"]
[SourceVersionDate "2024.01.31"]
[SourceQuality "1"]

1. c4 Nf6 2. Nc3 e6 3. Nf3 d5 4. e3 Be7 5. b3 0-0 6. Bb2 b6 7. d4 Bb7 8. Bd3 Nbd7 9. 0-0 dxc4 10. bxc4 c5 11. Rc1 Rc8 12. d5 exd5 13. cxd5 Re8 14. e4 Bd6 15. Re1 a6 16. Nb1 Qc7 17. Nbd2 b5 18. Nf1 Ne5 19. Nxe5 Bxe5 20. Bxe5 Qxe5 21. Ng3 c4 22. Bb1 c3 23. Nf5 g6 24. Nd4 b4 25. Nf3 Qf4 26. Qd4 a5 27. Re3 Ng4 28. Ree1 f6 29. Bc2 Ne5 30. Nxe5 Qxe5 31. Qb6 Bxd5 32. Qxa5 Bf7 33. Qxb4 Kg7 34. Bb3 Bxb3 35. Qxb3 Rc5 36. Re3 Rec8 37. f3 Qd4 38. Rce1 c2 39. Qb7+ R8c7 0-1

[Event "Titled Tuesday intern op 16th Jan Early"]
[Site "Chess.com INT"]
[Date "2024.01.16"]
[Round "7"]
[White "Garcia De Dios, Jose Antonio"]
[Black "Piesik, Piotr"]
[Result "1-0"]
[WhiteElo "2194"]
[BlackElo "2421"]
[PlyCount "89"]
[EventDate "2024.01.16"]
[EventType "swiss (blitz)"]
[EventRounds "11"]
[EventCountry "USA"]
[SourceTitle "CB04_2024"]
[SourceDate "2023.10.16"]
[SourceVersion "1"]
[SourceVersionDate "2023.10.16"]
[SourceQuality "1"]

1. d4 c5 2. d5 e5 3. Nc3 d6 4. e4 Be7 5. Bb5+ Nd7 6. Nf3 a6 7. Be2 b5 8. 0-0 Ngf6 9. Ne1 b4 10. Nb1 Nxe4 11. f4 exf4 12. Bxf4 0-0 13. Bd3 Nef6 14. c4 Re8 15. Nd2 Bf8 16. Nef3 g6 17. Ng5 Ne5 18. Bc2 Bg7 19. Rb1 Nh5 20. Bxe5 Bxe5 21. Nxf7 Bd4+ 22. Kh1 Qh4 23. Qf3 Bg4 24. Nh6+ Kg7 25. Nxg4 Rf8 26. Qh3 Rxf1+ 27. Rxf1 Qe7 28. Ne4 Bxb2 29. Qe3 Re8 30. Qd2 Bd4 31. Ng5 Nf6 32. Ne6+ Kg8 33. Nxf6+ Bxf6 34. g3 Rb8 35. Qh6 a5 36. h4 a4 37. h5 b3 38. axb3 axb3 39. Bb1 Bg7 40. Qf4 Be5 41. Qg4 Ra8 42. hxg6 h6 43. g7 Bf6 44. Qg6 Bxg7 45. Qh7# 1-0

[Event "Titled Tuesday intern op 16th Jan Early"]
[Site "Chess.com INT"]
[Date "2024.01.16"]
[Round "2"]
[White "Garcia De Dios, Jose Antonio"]
[Black "Rustamov, Rustam"]
[Result "0-1"]
[WhiteElo "2194"]
[BlackElo "2261"]
[PlyCount "66"]
[EventDate "2024.01.16"]
[EventType "swiss (blitz)"]
[EventRounds "11"]
[EventCountry "USA"]
[SourceTitle "CB04_2024"]
[SourceDate "2023.10.16"]
[SourceVersion "1"]
[SourceVersionDate "2023.10.16"]
[SourceQuality "1"]

1. d4 Nf6 2. c4 e6 3. g3 d5 4. Nf3 Be7 5. Bg2 0-0 6. 0-0 dxc4 7. Qc2 a6 8. a4 Nc6 9. Qxc4 Na5 10. Qc2 b6 11. Nc3 Bb7 12. Rd1 Rc8 13. Bg5 h6 14. Bxf6 Bxf6 15. b4 Nc6 16. Qb3 Qe7 17. d5 Qxb4 18. Qc2 Qxc3 19. Qxc3 Bxc3 20. Rac1 exd5 21. Rxc3 Ne7 22. Rb1 Rfd8 23. Bh3 f5 24. Nd4 g6 25. Ne6 Rd7 26. Nc5 bxc5 27. Rxb7 c4 28. e3 Kf7 29. Ra7 Rd6 30. Bf1 Ke6 31. f3 Ke5 32. Rb7 Rb6 33. Ra7 Nc6 0-1

[Event "Titled Tuesday intern op 16th Jan Early"]
[Site "Chess.com INT"]
[Date "2024.01.16"]
[Round "10"]
[White "Zou, Chen"]
[Black "Garcia De Dios, Jose Antonio"]
[Result "1-0"]
[WhiteElo "2449"]
[BlackElo "2194"]
[PlyCount "119"]
[EventDate "2024.01.16"]
[EventType "swiss (blitz)"]
[EventRounds "11"]
[EventCountry "USA"]
[SourceTitle "CB04_2024"]
[SourceDate "2023.10.16"]
[SourceVersion "1"]
[SourceVersionDate "2023.10.16"]
[SourceQuality "1"]

1. Nf3 Nf6 2. c4 e6 3. Nc3 d5 4. d4 Be7 5. Bf4 c6 6. e3 0-0 7. Bd3 dxc4 8. Bxc4 b5 9. Bd3 Bb7 10. 0-0 a6 11. Rc1 Nbd7 12. Ne4 Nxe4 13. Bxe4 Rc8 14. Qe2 Qb6 15. Rfd1 c5 16. Bxb7 Qxb7 17. dxc5 Nxc5 18. h3 Rfd8 19. Rxd8+ Rxd8 20. Be5 Qd5 21. b3 Qd3 22. Qxd3 Nxd3 23. Rc7 Nxe5 24. Rxe7 Nxf3+ 25. gxf3 g6 26. Ra7 Rd6 27. f4 Kg7 28. Kg2 Kf6 29. Kf3 Rc6 30. h4 h6 31. Ke4 Rd6 32. Kf3 Rc6 33. e4 Rc3+ 34. Kg2 Rc6 35. Kg3 Rc3+ 36. f3 Rc6 37. e5+ Kg7 38. b4 Rc4 39. a3 Rc6 40. Kf2 Rb6 41. Rc7 a5 42. Rc5 axb4 43. axb4 g5 44. h5 gxf4 45. Kg2 Rb7 46. Kh3 f6 47. Kg4 fxe5 48. Rxe5 Kf6 49. Kxf4 Rc7 50. Rxb5 Rc4+ 51. Kg3 e5 52. Rb8 Kg5 53. b5 Kxh5 54. Re8 Rc5 55. b6 Rb5 56. Re6 Kg5 57. Rxe5+ Rxe5 58. f4+ Kf5 59. fxe5 Kxe5 60. b7 1-0

[Event "MEX-ch"]
[Site "Mexico City"]
[Date "2023.11.09"]
[Round "3"]
[White "Garcia De Dios, Jose Antonio"]
[Black "Davalos Prieto, Abel"]
[Result "1-0"]
[WhiteElo "2242"]
[BlackElo "2008"]
[PlyCount "125"]
[EventDate "2023.11.07"]
[EventType "swiss"]
[EventRounds "9"]
[EventCountry "MEX"]
[SourceTitle "CB46_2023"]
[SourceDate "2023.11.15"]
[SourceVersion "1"]
[SourceVersionDate "2023.11.15"]
[SourceQuality "1"]

1. d4 d5 2. c4 e6 3. Nf3 Nf6 4. g3 Be7 5. Bg2 0-0 6. 0-0 dxc4 7. Qc2 a6 8. a4 Bd7 9. Qxc4 Bc6 10. Bg5 Nbd7 11. Nc3 h6 12. Bxf6 Nxf6 13. Ne5 Bxg2 14. Kxg2 c6 15. e3 a5 16. Rac1 Qb6 17. Rfd1 Rfd8 18. Nd3 Bb4 19. Kg1 Bf8 20. Nb1 Ne4 21. Nc3 Nf6 22. Nb1 Ne4 23. f3 Nf6 24. Nd2 Nd5 25. Kf2 Nb4 26. Nxb4 Qxb4 27. Qxb4 Bxb4 28. Nc4 f6 29. Ke2 Kf7 30. Rd3 Ke7 31. e4 Ra6 32. Ne3 b5 33. b3 bxa4 34. bxa4 Rb6 35. d5 cxd5 36. exd5 Rbd6 37. Rcd1 g6 38. h3 h5 39. f4 Rc8 40. g4 hxg4 41. hxg4 Rh8 42. f5 exf5 43. gxf5 g5 44. Ng4 Rh4 45. Rd4 Rd7 46. Kf3 Rh3+ 47. Kg2 Rh4 48. R1d3 Bd6 49. Re4+ Kf7 50. Rc4 Bf4 51. Nf2 Be5 52. Rxh4 gxh4 53. Ne4 Ke7 54. Kh3 Rb7 55. d6+ Kd8 56. Nc5 Rb4 57. d7 Bd4 58. Rxd4 Rxd4 59. Ne6+ Kxd7 60. Nxd4 Kd6 61. Nb3 Ke5 62. Nxa5 Kxf5 63. Nb3 1-0

[Event "MEX-ch"]
[Site "Mexico City"]
[Date "2023.11.08"]
[Round "2"]
[White "Martinez Castaneda, Allan"]
[Black "Garcia De Dios, Jose Antonio"]
[Result "1-0"]
[WhiteElo "1936"]
[BlackElo "2242"]
[PlyCount "32"]
[EventDate "2023.11.07"]
[EventType "swiss"]
[EventRounds "9"]
[EventCountry "MEX"]
[SourceTitle "CB46_2023"]
[SourceDate "2023.11.15"]
[SourceVersion "1"]
[SourceVersionDate "2023.11.15"]
[SourceQuality "1"]

1. e4 e6 2. d4 d5 3. Nc3 Bb4 4. Nge2 dxe4 5. a3 Bxc3+ 6. Nxc3 Nc6 7. Bb5 Nge7 8. Bg5 f6 9. Be3 f5 10. Qh5+ g6 11. Qh6 Kf7 12. 0-0-0 Ng8 13. Qf4 Nf6 14. d5 e5 15. Qh4 Nd4 16. Bc4 Qd6 1-0

[Event "MEX-ch"]
[Site "Mexico City"]
[Date "2023.11.07"]
[Round "1"]
[White "Garcia De Dios, Jose Antonio"]
[Black "Velazquez Rios, Christian Jonatha"]
[Result "1-0"]
[WhiteElo "2242"]
[BlackElo "1892"]
[PlyCount "57"]
[EventDate "2023.11.07"]
[EventType "swiss"]
[EventRounds "9"]
[EventCountry "MEX"]
[SourceTitle "CB46_2023"]
[SourceDate "2023.11.15"]
[SourceVersion "1"]
[SourceVersionDate "2023.11.15"]
[SourceQuality "1"]

1. d4 Nf6 2. c4 e6 3. g3 d5 4. Nf3 Be7 5. Bg2 0-0 6. 0-0 c6 7. Qc2 b6 8. Nbd2 Ba6 9. b3 Nbd7 10. e4 dxe4 11. Nxe4 Bb7 12. Rd1 Qc8 13. Nxf6+ Nxf6 14. c5 Nd5 15. Ne5 Qc7 16. Bb2 bxc5 17. dxc5 Qa5 18. a3 Qc7 19. Be4 f5 20. Bg2 Rfe8 21. Re1 Ba6 22. Rad1 Rad8 23. b4 Bf6 24. Qb3 Rb8 25. Nxc6 Qxc6 26. Bxf6 Qxc5 27. Bxd5 gxf6 28. Bxe6+ Kh8 29. bxc5 1-0

[Event "Titled Tuesday intern op 01st Aug Late"]
[Site "Chess.com INT"]
[Date "2023.08.01"]
[Round "4"]
[White "Crispin Ferreras, Darvi Abraham"]
[Black "Garcia De Dios, Jose Antonio"]
[Result "1-0"]
[WhiteElo "2131"]
[BlackElo "2229"]
[PlyCount "47"]
[EventDate "2023.08.01"]
[EventType "swiss (blitz)"]
[EventRounds "11"]
[EventCountry "USA"]
[SourceTitle "EXT 2024"]
[Source "ChessBase"]
[SourceDate "2023.10.10"]
[SourceVersion "1"]
[SourceVersionDate "2023.10.10"]
[SourceQuality "1"]

1. e4 c5 2. Nf3 d6 3. c3 Nf6 4. Be2 Nc6 5. d4 cxd4 6. cxd4 Nxe4 7. d5 Qa5+ 8. Nc3 Nxc3 9. bxc3 Ne5 10. 0-0 Nxf3+ 11. Bxf3 e5 12. dxe6 fxe6 13. Bf4 e5 14. Bg3 Be7 15. Bd5 g6 16. f4 Bg4 17. Qxg4 Qxd5 18. fxe5 dxe5 19. Rae1 Bc5+ 20. Kh1 Bd6 21. Rd1 Qc6 22. Qe6+ Be7 23. Qxe5 Rg8 24. Rfe1 1-0

[Event "Titled Tuesday intern op 01st Aug Late"]
[Site "Chess.com INT"]
[Date "2023.08.01"]
[Round "3"]
[White "Garcia De Dios, Jose Antonio"]
[Black "Kuzmicz, Krystian"]
[Result "0-1"]
[WhiteElo "2229"]
[BlackElo "2466"]
[PlyCount "50"]
[EventDate "2023.08.01"]
[EventType "swiss (blitz)"]
[EventRounds "11"]
[EventCountry "USA"]
[SourceTitle "EXT 2024"]
[Source "ChessBase"]
[SourceDate "2023.10.10"]
[SourceVersion "1"]
[SourceVersionDate "2023.10.10"]
[SourceQuality "1"]

1. d4 g6 2. Nf3 Bg7 3. c4 c5 4. d5 d6 5. e4 e6 6. h3 Ne7 7. Be2 0-0 8. 0-0 h6 9. Nc3 a6 10. a4 exd5 11. cxd5 g5 12. Re1 Ng6 13. Nd2 Nd7 14. a5 Nde5 15. Bf1 f5 16. exf5 Bxf5 17. Na4 Qf6 18. f3 Rae8 19. Ne4 Bxe4 20. Rxe4 Nxf3+ 21. Qxf3 Rxe4 22. Qxf6 Bxf6 23. Bd2 Bd4+ 24. Kh1 Rf2 25. Be1 Rxf1+ 0-1

[Event "Titled Tuesday intern op 01st Aug Late"]
[Site "Chess.com INT"]
[Date "2023.08.01"]
[Round "7"]
[White "Garcia De Dios, Jose Antonio"]
[Black "Papasimakopoulos, Alexandros"]
[Result "0-1"]
[WhiteElo "2229"]
[BlackElo "2409"]
[PlyCount "40"]
[EventDate "2023.08.01"]
[EventType "swiss (blitz)"]
[EventRounds "11"]
[EventCountry "USA"]
[SourceTitle "EXT 2024"]
[Source "ChessBase"]
[SourceDate "2023.10.10"]
[SourceVersion "1"]
[SourceVersionDate "2023.10.10"]
[SourceQuality "1"]

1. d4 d5 2. Bf4 c5 3. e3 Nc6 4. c3 Qb6 5. Qb3 c4 6. Qc2 e5 7. dxe5 Bf5 8. Qc1 f6 9. Nf3 Bc5 10. Nbd2 fxe5 11. Nxe5 Nf6 12. Be2 0-0 13. Ndf3 Rae8 14. Nxc6 bxc6 15. a4 Ne4 16. a5 Qd8 17. 0-0 g5 18. Bg3 h5 19. Nxg5 Qxg5 20. Bxh5 Nxg3 0-1

[Event "Carlos Torre Memorial op 32nd"]
[Site "Merida"]
[Date "2022.12.20"]
[Round "7"]
[White "Avila Rodriguez, Joshua Ad"]
[Black "Garcia De Dios, Jose Antonio"]
[Result "1/2-1/2"]
[WhiteElo "2230"]
[BlackElo "2103"]
[PlyCount "84"]
[EventDate "2022.12.16"]
[EventType "swiss"]
[EventRounds "9"]
[EventCountry "MEX"]
[SourceTitle "CBM 212 Extra"]
[Source "ChessBase"]
[SourceDate "2023.03.31"]
[SourceVersion "1"]
[SourceVersionDate "2023.03.31"]
[SourceQuality "1"]

1. e4 e6 2. d4 d5 3. Nc3 Bb4 4. e5 c5 5. a3 Bxc3+ 6. bxc3 Ne7 7. Qg4 Qc7 8. Bd3 c4 9. Be2 Qa5 10. Bd2 Nf5 11. h4 Qa4 12. h5 h6 13. Kd1 Nc6 14. Qh3 Bd7 15. g4 Nfe7 16. f4 0-0-0 17. Nf3 f6 18. Be3 fxe5 19. fxe5 Rdf8 20. Nh4 Be8 21. Kd2 g5 22. hxg6 Nxg6 23. Nxg6 Bxg6 24. Ra2 Be4 25. Rb1 Qa5 26. a4 Qc7 27. Raa1 Qh7 28. Rf1 Rxf1 29. Rxf1 Bxc2 30. Qxh6 Qg8 31. Qf6 Bg6 32. Rf2 Kd7 33. Qg5 Ne7 34. Rf6 Rh1 35. Rf1 Rh2 36. Rf2 Rh1 37. Rf1 Rh2 38. Rf2 Rh1 39. Rf1 Rh2 40. Rf2 Rh1 41. Rf1 Rxf1 42. Bxf1 Qh7 1/2-1/2

[Event "Carlos Torre Memorial op 32nd"]
[Site "Merida"]
[Date "2022.12.16"]
[Round "1"]
[White "Leon Hoyos, Manuel"]
[Black "Garcia De Dios, Jose Antonio"]
[Result "1-0"]
[WhiteElo "2488"]
[BlackElo "2103"]
[PlyCount "143"]
[EventDate "2022.12.16"]
[EventType "swiss"]
[EventRounds "9"]
[EventCountry "MEX"]
[SourceTitle "CBM 212 Extra"]
[Source "ChessBase"]
[SourceDate "2023.03.31"]
[SourceVersion "1"]
[SourceVersionDate "2023.03.31"]
[SourceQuality "1"]

1. c4 b6 2. Nc3 Bb7 3. e4 Nf6 4. d3 d6 5. g4 e5 6. f4 exf4 7. Bg2 Nc6 8. Bxf4 g6 9. h3 Bg7 10. Nge2 h5 11. g5 Nh7 12. Qd2 Nf8 13. d4 Ne6 14. Be3 Na5 15. b3 c5 16. 0-0 0-0 17. h4 a6 18. Rad1 Re8 19. Qe1 cxd4 20. Nxd4 Nxd4 21. Bxd4 Bxd4+ 22. Rxd4 Nc6 23. Rd2 Ne5 24. Qg3 b5 25. c5 Rc8 26. Rxd6 Qa5 27. Nd5 Bxd5 28. Rxd5 Qc7 29. b4 Re7 30. Rf6 Ra8 31. Bh3 a5 32. a3 axb4 33. axb4 Ra1+ 34. Rf1 Ra4 35. Rb1 Nc6 36. Qxc7 Rxc7 37. Rd7 Rc8 38. Rb7 Rca8 39. Bd7 Nd4 40. Bxb5 Ra2 41. Rf1 Rc2 42. Bd3 Rc3 43. Bb1 Raa3 44. Rfxf7 Rc1+ 45. Rf1 Rg3+ 46. Kh2 Rxf1 47. Kxg3 Rxb1 48. Rb6 Kf7 49. Kf4 Rb3 50. Ke5 Rxb4 51. Rxb4 Nc6+ 52. Kd6 Nxb4 53. e5 Ke8 54. Ke6 Nc6 55. Kf6 Kf8 56. Kxg6 Nxe5+ 57. Kh6 Kf7 58. Kh7 Ng6 59. c6 Nf8+ 60. Kh6 Ne6 61. Kxh5 Nc7 62. Kg4 Ke6 63. h5 Nd5 64. h6 Kf7 65. h7 Kg7 66. g6 Nc7 67. Kf5 Nb5 68. Ke6 Na7 69. c7 Nc8 70. Kd7 Nb6+ 71. Ke8 Kh8 72. Kf7 1-0

[Event "North American-ch U20"]
[Site "Mexico City"]
[Date "2022.12.04"]
[Round "5"]
[White "Rodrigue Lemieux, Shawn"]
[Black "Garcia De Dios, Jose Antonio"]
[Result "1-0"]
[WhiteElo "2463"]
[BlackElo "2103"]
[PlyCount "145"]
[EventDate "2022.12.02"]
[EventType "swiss"]
[EventRounds "9"]
[EventCountry "MEX"]
[SourceTitle "CBM 211 Extra"]
[Source "ChessBase"]
[SourceDate "2023.01.31"]
[SourceVersion "1"]
[SourceVersionDate "2023.01.31"]
[SourceQuality "1"]

1. c4 b6 2. Nc3 Bb7 3. e4 Nf6 4. e5 Ne4 5. Qg4 Nxc3 6. dxc3 Nc6 7. Nf3 h5 8. Qg3 h4 9. Qg4 h3 10. gxh3 Qc8 11. Rg1 d6 12. Bf4 Qxg4 13. hxg4 Nd8 14. Bg2 g6 15. 0-0-0 Bg7 16. Bg3 Bh6+ 17. Nd2 Bxg2 18. Rxg2 Ne6 19. Kc2 Nf4 20. Bxf4 Bxf4 21. exd6 Bxd6 22. Nf3 Rh3 23. Ng5 Rh8 24. Rh1 Bf4 25. Nf3 Rh3 26. Ng1 Rh4 27. h3 g5 28. Nf3 Rh7 29. h4 gxh4 30. Rxh4 Rxh4 31. Nxh4 0-0-0 32. Nf3 Rh8 33. Ne1 Rh1 34. Nd3 Bd6 35. f4 e6 36. Kd2 Kd7 37. Ke2 a5 38. b4 Ra1 39. Ke3 axb4 40. cxb4 Kc6 41. Rc2 Kd7 42. c5 bxc5 43. bxc5 Be7 44. c6+ Ke8 45. g5 Bd6 46. Kd4 Ke7 47. Kc4 Kd8 48. Rf2 Ke7 49. Rb2 Ba3 50. Re2 Bd6 51. f5 Rg1 52. g6 Rg4+ 53. Kb3 Rg3 54. Kc2 Kf8 55. fxe6 Rxg6 56. a4 fxe6 57. a5 Ke7 58. a6 Rg8 59. Kc3 Ra8 60. Ra2 Bg3 61. Kc4 Bd6 62. a7 Bg3 63. Kb5 Kd6 64. Nc5 Bf4 65. Ra3 Bh2 66. Ne4+ Ke5 67. Nd2 Kf6 68. Ka6 Bg1 69. Kb7 Rxa7+ 70. Rxa7 Bxa7 71. Kxa7 Ke7 72. Kb7 Kd8 73. Nf3 1-0

[Event "North American-ch U20"]
[Site "Mexico City"]
[Date "2022.12.03"]
[Round "4"]
[White "Garcia De Dios, Jose Antonio"]
[Black "Stearman, Josiah P"]
[Result "1/2-1/2"]
[WhiteElo "2103"]
[BlackElo "2386"]
[PlyCount "193"]
[EventDate "2022.12.02"]
[EventType "swiss"]
[EventRounds "9"]
[EventCountry "MEX"]
[SourceTitle "CBM 211 Extra"]
[Source "ChessBase"]
[SourceDate "2023.01.31"]
[SourceVersion "1"]
[SourceVersionDate "2023.01.31"]
[SourceQuality "1"]

1. d4 Nf6 2. c4 e6 3. g3 c5 4. d5 exd5 5. cxd5 d6 6. Bg2 g6 7. Nc3 Bg7 8. Nf3 0-0 9. 0-0 Re8 10. h3 a6 11. a4 Nbd7 12. Nd2 Rb8 13. a5 b5 14. axb6 Nxb6 15. Re1 Qe7 16. Nb3 Nc4 17. Na5 Nxa5 18. Rxa5 Rb4 19. Qc2 Bf5 20. e4 Nxe4 21. Nxe4 Bxe4 22. Rxe4 Rxe4 23. Bxe4 Qxe4 24. Qxe4 Rxe4 25. Bf4 Be5 26. Rxa6 Bxf4 27. gxf4 Rxf4 28. Rxd6 Rd4 29. Rd8+ Kg7 30. d6 c4 31. Rc8 Kf6 32. d7 Rxd7 33. Rxc4 Rd3 34. Kg2 Rb3 35. Rc6+ Kg7 36. Rc2 h5 37. Rd2 Kf6 38. Re2 Kg5 39. Rd2 f5 40. Rc2 Kf4 41. Rc4+ Ke5 42. Rc5+ Kf6 43. Rc6+ Kg5 44. Rc2 f4 45. Rc4 Rxb2 46. Ra4 Rb5 47. Rc4 Kf5 48. Ra4 g5 49. Ra8 Ke4 50. Ra4+ Kf5 51. Ra8 Re5 52. Rh8 Kg6 53. Rg8+ Kh7 54. Ra8 Re6 55. Kf3 Rb6 56. Ra5 Kg6 57. Rc5 Rb3+ 58. Kg2 h4 59. Rc6+ Kf5 60. Rc5+ Kf6 61. Rc6+ Kf7 62. Rc7+ Ke6 63. Rc6+ Ke7 64. Rc7+ Ke6 65. Rc6+ Kd5 66. Rg6 f3+ 67. Kh2 Ke4 68. Rxg5 Kd3 69. Re5 Kd2 70. Re4 Rb1 71. Re3 Rb8 72. Rxf3 Ke2 73. Rf4 Rg8 74. Rxh4 Kxf2 75. Rf4+ Ke3 76. Rf6 Ke4 77. h4 Ke5 78. Rf3 Ke6 79. Kh3 Rg6 80. h5 Rf6 81. Ra3 Kf7 82. Ra7+ Kg8 83. Kg4 Rb6 84. Ra5 Kh7 85. Kg5 Kg8 86. Ra8+ Kh7 87. Ra7+ Kg8 88. Ra5 Kh7 89. Rf5 Kg8 90. h6 Rb1 91. Kg6 Rg1+ 92. Rg5 Rxg5+ 93. Kxg5 Kh7 94. Kh5 Kh8 95. Kg6 Kg8 96. h7+ Kh8 97. Kh6 1/2-1/2

[Event "North American-ch U20"]
[Site "Mexico City"]
[Date "2022.12.02"]
[Round "1"]
[White "Garcia De Dios, Jose Antonio"]
[Black "Leal Escamilla, Daniel Zinedine"]
[Result "1-0"]
[WhiteElo "2103"]
[BlackElo "1710"]
[PlyCount "71"]
[EventDate "2022.12.02"]
[EventType "swiss"]
[EventRounds "9"]
[EventCountry "MEX"]
[SourceTitle "CBM 211 Extra"]
[Source "ChessBase"]
[SourceDate "2023.01.31"]
[SourceVersion "1"]
[SourceVersionDate "2023.01.31"]
[SourceQuality "1"]

1. d4 Nf6 2. c4 g6 3. g3 Bg7 4. Bg2 d6 5. Nc3 Nbd7 6. Nf3 0-0 7. 0-0 c6 8. e4 e5 9. h3 Re8 10. Re1 a5 11. Be3 Qc7 12. Rc1 h6 13. d5 Rd8 14. Nh4 Kh7 15. f4 Rf8 16. f5 Rb8 17. g4 g5 18. Nf3 Ne8 19. h4 f6 20. Bf1 Nc5 21. Re2 Rh8 22. Rh2 Bd7 23. hxg5 fxg5 24. Nxg5+ Kg8 25. Ne6 Bxe6 26. dxe6 Qe7 27. Qf3 Rc8 28. Rcc2 Rc7 29. Rcg2 Kf8 30. Rh3 Nf6 31. Rgh2 Ke8 32. g5 Ng8 33. f6 Qxe6 34. fxg7 Rxg7 35. Kh1 Rg6 36. Qf5 1-0

[Event "Pan American-ch U20"]
[Site "Pereira"]
[Date "2022.08.26"]
[Round "7"]
[White "Garcia De Dios, Jose Antonio"]
[Black "Vargas Viscaino, Jesus Daniel"]
[Result "1-0"]
[WhiteElo "2135"]
[BlackElo "1942"]
[PlyCount "192"]
[EventDate "2022.08.23"]
[EventType "swiss"]
[EventRounds "9"]
[EventCountry "COL"]
[SourceTitle "CBM 210 Extra"]
[Source "ChessBase"]
[SourceDate "2022.11.30"]
[SourceVersion "1"]
[SourceVersionDate "2022.11.30"]
[SourceQuality "1"]

1. d4 d5 2. c4 e6 3. g3 c6 4. Bg2 Nf6 5. Nf3 dxc4 6. Ne5 Bb4+ 7. Bd2 Be7 8. Bc3 0-0 9. Nxc4 b5 10. Ba5 Qe8 11. Ne5 Bb7 12. 0-0 Nd5 13. Nd3 Nd7 14. Qc2 Rc8 15. Nc5 Ba8 16. Nd2 Bf6 17. Nde4 Bxd4 18. Nd6 Qe7 19. Nxd7 Qxd6 20. Nxf8 Qxf8 21. e3 Bc5 22. Rac1 Be7 23. a4 b4 24. Rfd1 Bb7 25. Qe2 Qe8 26. e4 Nf6 27. g4 h6 28. h4 c5 29. g5 hxg5 30. hxg5 Nh7 31. g6 fxg6 32. Qg4 Nf8 33. e5 Bxg2 34. Qxg2 Qxa4 35. Qb7 Re8 36. Ra1 Qc2 37. Qc6 Bh4 38. Rf1 Qe2 39. b3 Qg4+ 40. Qg2 Qxg2+ 41. Kxg2 Be7 42. Bc7 Ra8 43. Ra6 Bd8 44. Bxd8 Rxd8 45. Rxa7 Rd3 46. Rc1 Nd7 47. Kf1 g5 48. Rc7 Rd5 49. Ra1 Nxe5 50. Raa7 Kh7 51. Rxg7+ Kh6 52. Rge7 Rd6 53. Rac7 Nc6 54. Re8 Kg6 55. Rec8 Nd4 56. Rxc5 Nxb3 57. Rb5 Nd4 58. Rxb4 Kf5 59. Rf8+ Ke4 60. Kg2 Rd5 61. Re8 e5 62. Rg8 Kf5 63. Rb7 Ne6 64. Rf7+ Ke4 65. Kg3 Rd1 66. Re8 Nd4 67. f3+ Kd5 68. Rd7+ Kc6 69. Rf7 Kd5 70. Ra8 Ke6 71. Rff8 Rd3 72. Kg4 Ke7 73. Rae8+ Kd6 74. Rf6+ Kd5 75. Rd8+ Kc4 76. Rdf8 Rd1 77. Kxg5 Rg1+ 78. Kh4 Kd3 79. Re8 Re1 80. Kg3 Re3 81. Kf2 Re2+ 82. Kf1 Re3 83. Ref8 Kd2 84. Kf2 Re2+ 85. Kg3 Re3 86. Kg4 Kd3 87. Ra6 Re1 88. Ra3+ Kc4 89. Kg3 Rg1+ 90. Kf2 Rg5 91. Ra5 Kb4 92. f4 Kxa5 93. fxg5 Kb5 94. g6 Ne6 95. Re8 Ng7 96. Re7 Nf5 1-0

[Event "Pan American-ch U20"]
[Site "Pereira"]
[Date "2022.08.23"]
[Round "2"]
[White "Picasso Periche, Luis Willian Albert"]
[Black "Garcia De Dios, Jose Antonio"]
[Result "0-1"]
[WhiteElo "1226"]
[BlackElo "2135"]
[PlyCount "144"]
[EventDate "2022.08.23"]
[EventType "swiss"]
[EventRounds "9"]
[EventCountry "COL"]
[SourceTitle "CBM 210 Extra"]
[Source "ChessBase"]
[SourceDate "2022.11.30"]
[SourceVersion "1"]
[SourceVersionDate "2022.11.30"]
[SourceQuality "1"]

1. e4 c5 2. Nf3 d6 3. Nc3 Nf6 4. d4 cxd4 5. Nxd4 a6 6. Bc4 e6 7. 0-0 Be7 8. Nf3 Qc7 9. Qe2 Nc6 10. Rd1 0-0 11. Bg5 b5 12. Bd3 Bb7 13. Rac1 Rac8 14. a3 Rfd8 15. h3 Na5 16. Nh2 h6 17. Be3 Nc4 18. Bxc4 Qxc4 19. Qxc4 Rxc4 20. f3 d5 21. exd5 Rxc3 22. bxc3 Nxd5 23. Bd4 Bxa3 24. Rb1 Rc8 25. Ng4 Nxc3 26. Bxc3 Rxc3 27. Rd8+ Kh7 28. Rd7 Bd5 29. Rxf7 Bc5+ 30. Kh1 Rxc2 31. Rd7 Ba2 32. Rbd1 b4 33. Rb7 h5 34. Nf6+ Kg6 35. Ne4 Bf8 36. Rd8 Bd5 37. Rb6 Kf7 38. Rxa6 b3 39. Rb8 Bxe4 40. fxe4 b2 41. Kh2 Bc5 42. Kg3 Bd4 43. Rb7+ Kf6 44. Ra4 Ke5 45. Rab4 Kxe4 46. R7b6 e5 47. Rg6 Rc7 48. Kh4 Kd3 49. Rg3+ Kc2 50. Rgb3 e4 51. Rxb2+ Bxb2 52. Rxe4 Rc5 53. g4 Bf6+ 54. Kg3 h4+ 55. Kf4 Bg5+ 56. Kf3 Rc3+ 57. Kg2 Rg3+ 58. Kh2 Kd3 59. Ra4 Be3 60. Ra1 Ke2 61. Ra2+ Kf3 62. Ra3 g5 63. Ra2 Bf4 64. Ra1 Rxg4+ 65. Kh1 Rg3 66. Kh2 Ke4 67. Re1+ Re3+ 68. Kg2 Rxe1 69. Kf2 Bg3+ 70. Kg2 Re2+ 71. Kf1 Kf3 72. Kg1 Re1# 0-1